[Event "Foment Martinenc op-C 23rd"]
[Site "Barcelona"]
[Date "2023.05.06"]
[Round "3"]
[White "Pons Garcia, Jordi"]
[Black "Puiggene Pascual, Arnau"]
[Result "1/2-1/2"]
[WhiteElo "1432"]
[BlackElo "1591"]
[PlyCount "30"]
[EventDate "2023.04.22"]
[EventType "swiss"]
[EventRounds "9"]
[EventCountry "ESP"]
[SourceTitle "EXT 2024"]
[Source "ChessBase"]
[SourceDate "2023.10.10"]
[SourceVersion "1"]
[SourceVersionDate "2023.10.10"]
[SourceQuality "1"]

1. d4 d5 2. c4 e6 3. Nc3 c5 4. cxd5 exd5 5. Nf3 Nf6 6. g3 Nc6 7. Bg2 Be7 8. 0-0 0-0 9. b3 Ne4 10. Bb2 Bf5 11. Rc1 Nxc3 12. Bxc3 b6 13. dxc5 bxc5 14. Ne5 Nxe5 15. Bxe5 Be6 1/2-1/2

[Event "Foment Martinenc op-C 22nd"]
[Site "Barcelona"]
[Date "2022.06.04"]
[Round "7"]
[White "Pons Garcia, Jordi"]
[Black "Silva Cerda, Mark Valentin"]
[Result "1-0"]
[WhiteElo "1720"]
[BlackElo "1481"]
[PlyCount "49"]
[EventDate "2022.04.23"]
[EventType "swiss"]
[EventRounds "9"]
[EventCountry "ESP"]
[SourceTitle "EXT 2023"]
[Source "ChessBase"]
[SourceDate "2022.10.05"]
[SourceVersion "1"]
[SourceVersionDate "2022.10.05"]
[SourceQuality "1"]

1. d4 d5 2. c4 c6 3. Nf3 Nf6 4. Nc3 e6 5. e3 Nbd7 6. Bd3 dxc4 7. Bxc4 b5 8. Bd3 a6 9. 0-0 c5 10. Ne4 Bb7 11. Nxf6+ Nxf6 12. dxc5 Bxc5 13. Qe2 0-0 14. Rd1 Qb6 15. b3 Nd5 16. Bb2 Rfd8 17. Ng5 f5 18. Qh5 Rd7 19. Qxh7+ Kf8 20. Qh8+ Ke7 21. Qxg7+ Kd6 22. Qe5+ Ke7 23. Bxf5 Nxe3 24. Qf6+ Ke8 25. Bg6+ 1-0

[Event "Foment Martinenc op-C 22nd"]
[Site "Barcelona"]
[Date "2022.05.14"]
[Round "4"]
[White "Abascal Vicente, Ignacio"]
[Black "Pons Garcia, Jordi"]
[Result "1/2-1/2"]
[WhiteElo "1829"]
[BlackElo "1720"]
[PlyCount "91"]
[EventDate "2022.04.23"]
[EventType "swiss"]
[EventRounds "9"]
[EventCountry "ESP"]
[SourceTitle "EXT 2023"]
[Source "ChessBase"]
[SourceDate "2022.10.05"]
[SourceVersion "1"]
[SourceVersionDate "2022.10.05"]
[SourceQuality "1"]

1. e4 e6 2. d4 d5 3. Nc3 Nf6 4. Bg5 dxe4 5. Nxe4 Be7 6. Nxf6+ Bxf6 7. Bxf6 Qxf6 8. Nf3 0-0 9. Qd2 c5 10. 0-0-0 cxd4 11. Qxd4 Qxd4 12. Nxd4 a6 13. Be2 b5 14. Bf3 Ra7 15. Rd2 Bb7 16. Bxb7 Rxb7 17. Rhd1 Rd7 18. Nb3 Rfd8 19. Nc5 Rxd2 20. Rxd2 Rxd2 21. Kxd2 Kf8 22. Kd3 Ke7 23. a4 bxa4 24. Nxa4 Kd6 25. c4 Nc6 26. f3 f5 27. Kc3 a5 28. b3 e5 29. Nb6 g6 30. Nd5 Ke6 31. b4 axb4+ 32. Nxb4 Nxb4 33. Kxb4 Kd6 34. c5+ Kc6 35. Kc4 g5 36. h3 h5 37. g4 hxg4 38. hxg4 f4 39. Kd3 Kxc5 40. Ke4 Kd6 41. Kf5 Kd5 42. Kxg5 Ke6 43. Kh4 Kf6 44. Kh3 Kg5 45. Kg2 e4 46. fxe4 1/2-1/2

[Event "Foment Martinenc op-C 22nd"]
[Site "Barcelona"]
[Date "2022.05.07"]
[Round "3"]
[White "Sanchez Hernandez, Alex"]
[Black "Pons Garcia, Jordi"]
[Result "0-1"]
[WhiteElo "1402"]
[BlackElo "1720"]
[PlyCount "34"]
[EventDate "2022.04.23"]
[EventType "swiss"]
[EventRounds "9"]
[EventCountry "ESP"]
[SourceTitle "EXT 2023"]
[Source "ChessBase"]
[SourceDate "2022.10.05"]
[SourceVersion "1"]
[SourceVersionDate "2022.10.05"]
[SourceQuality "1"]

1. e4 e6 2. d4 d5 3. Nc3 Nf6 4. e5 Nfd7 5. g3 c5 6. Nf3 cxd4 7. Qxd4 Nc6 8. Qf4 Be7 9. Bb5 a6 10. Bxc6 bxc6 11. 0-0 0-0 12. Qg4 f5 13. exf6 Nxf6 14. Qh4 Ne4 15. Qh3 Rxf3 16. Qg4 Rf7 17. Rd1 Nxf2 0-1

[Event "Foment Martinenc op-C 22nd"]
[Site "Barcelona"]
[Date "2022.04.23"]
[Round "1"]
[White "Pons Garcia, Jordi"]
[Black "Ferrandiz Alvarez, Eloi"]
[Result "1/2-1/2"]
[WhiteElo "1720"]
[BlackElo "1504"]
[PlyCount "43"]
[EventDate "2022.04.23"]
[EventType "swiss"]
[EventRounds "9"]
[EventCountry "ESP"]
[SourceTitle "EXT 2023"]
[Source "ChessBase"]
[SourceDate "2022.10.05"]
[SourceVersion "1"]
[SourceVersionDate "2022.10.05"]
[SourceQuality "1"]

1. d4 d5 2. c4 e6 3. Nc3 Nf6 4. Bg5 Nbd7 5. e3 c6 6. Nf3 Bd6 7. cxd5 exd5 8. Bd3 h6 9. Bh4 0-0 10. Qc2 Qe8 11. 0-0-0 b5 12. e4 Bf4+ 13. Kb1 b4 14. Ne2 dxe4 15. Nxf4 exd3 16. Nxd3 Bb7 17. Rhe1 Qc8 18. Nc5 Nd5 19. Nxd7 Qxd7 20. Ne5 Qc8 21. Nd3 a5 22. Nc5 1/2-1/2

[Event "Foment Martinenc op-C 21st"]
[Site "Barcelona"]
[Date "2019.06.15"]
[Round "8"]
[White "Pons Garcia, Jordi"]
[Black "Martinez Aguero, Francisco"]
[Result "1/2-1/2"]
[WhiteElo "1717"]
[BlackElo "1743"]
[PlyCount "39"]
[EventDate "2019.04.27"]
[EventType "swiss"]
[EventRounds "9"]
[EventCountry "ESP"]
[SourceTitle "EXT 2020"]
[Source "ChessBase"]
[SourceDate "2019.10.17"]
[SourceVersion "1"]
[SourceVersionDate "2019.10.17"]
[SourceQuality "1"]

1. d4 Nf6 2. Nf3 g6 3. Bf4 Bg7 4. e3 d6 5. Be2 0-0 6. h3 b6 7. 0-0 Ba6 8. c4 Re8 9. Nc3 c6 10. Rc1 e6 11. Re1 Nh5 12. Bh2 Re7 13. Qc2 Nf6 14. b4 Ne8 15. Red1 f5 16. b5 Bb7 17. a4 Nd7 18. bxc6 Bxc6 19. Nb5 Ndf6 20. Nd2 1/2-1/2

[Event "Foment Martinenc op-C 21st"]
[Site "Barcelona"]
[Date "2019.06.01"]
[Round "6"]
[White "Planella Zavala, Irene"]
[Black "Pons Garcia, Jordi"]
[Result "0-1"]
[WhiteElo "1457"]
[BlackElo "1717"]
[PlyCount "114"]
[EventDate "2019.04.27"]
[EventType "swiss"]
[EventRounds "9"]
[EventCountry "ESP"]
[SourceTitle "EXT 2020"]
[Source "ChessBase"]
[SourceDate "2019.10.17"]
[SourceVersion "1"]
[SourceVersionDate "2019.10.17"]
[SourceQuality "1"]

1. e4 e6 2. d4 d5 3. exd5 exd5 4. Nf3 Nf6 5. Bd3 Be7 6. 0-0 0-0 7. Bg5 Bg4 8. Be2 Nbd7 9. Nc3 c6 10. Re1 Qc7 11. Bh4 Bd6 12. h3 Bh5 13. Qd2 Bf4 14. Qd1 Rfe8 15. Bg5 Bxf3 16. Bxf4 Qxf4 17. Bxf3 Rxe1+ 18. Qxe1 Qxd4 19. Rd1 Qe5 20. Qf1 Re8 21. Qd3 Nc5 22. Qd2 Nce4 23. Bxe4 Nxe4 24. Nxe4 Qxe4 25. Kf1 Qc4+ 26. Kg1 Qe2 27. Qc1 g6 28. Rf1 Re4 29. c3 Kg7 30. Qa1 f5 31. b3 Kf7 32. Qc1 Kg7 33. Qa1 Re7 34. c4+ Qe5 35. Qc1 dxc4 36. Qxc4 Qf6 37. Qa4 b6 38. Rc1 Qd6 39. Qxc6 Re1+ 40. Rxe1 Qxc6 41. Rf1 Qc2 42. a4 Qxb3 43. a5 bxa5 44. Kh1 a4 45. Kg1 a3 46. Kh1 a2 47. Kg1 Qb2 48. Kh1 a1Q 49. Rxa1 Qxa1+ 50. Kh2 Qe5+ 51. Kh1 a5 52. Kg1 a4 53. Kh1 a3 54. Kg1 a2 55. g3 a1Q+ 56. Kg2 Qe4+ 57. Kh2 Qah1# 0-1

[Event "Foment Martinenc op-C 21st"]
[Site "Barcelona"]
[Date "2019.05.25"]
[Round "5"]
[White "Pons Garcia, Jordi"]
[Black "Vicente Perales, Manel"]
[Result "1/2-1/2"]
[WhiteElo "1717"]
[BlackElo "1636"]
[PlyCount "44"]
[EventDate "2019.04.27"]
[EventType "swiss"]
[EventRounds "9"]
[EventCountry "ESP"]
[SourceTitle "EXT 2020"]
[Source "ChessBase"]
[SourceDate "2019.10.17"]
[SourceVersion "1"]
[SourceVersionDate "2019.10.17"]
[SourceQuality "1"]

1. d4 d5 2. c4 c6 3. Nf3 Nf6 4. Nc3 dxc4 5. a4 Bf5 6. e3 e6 7. Bxc4 Na6 8. Bd3 Bxd3 9. Qxd3 Nb4 10. Qe2 Be7 11. 0-0 0-0 12. b3 Qb6 13. Ba3 Rfe8 14. Ne5 Nbd5 15. Nxd5 exd5 16. Bxe7 Rxe7 17. Qc2 Qc7 18. f3 Rae8 19. Rae1 c5 20. Rc1 b6 21. Qf5 Qc8 22. Qxc8 Rxc8 1/2-1/2

[Event "Foment Martinenc op-C 21st"]
[Site "Barcelona"]
[Date "2019.05.18"]
[Round "4"]
[White "Ruiz Garcia, Eric"]
[Black "Pons Garcia, Jordi"]
[Result "1/2-1/2"]
[WhiteElo "1477"]
[BlackElo "1717"]
[PlyCount "30"]
[EventDate "2019.04.27"]
[EventType "swiss"]
[EventRounds "9"]
[EventCountry "ESP"]
[SourceTitle "EXT 2020"]
[Source "ChessBase"]
[SourceDate "2019.10.17"]
[SourceVersion "1"]
[SourceVersionDate "2019.10.17"]
[SourceQuality "1"]

1. c4 c5 2. Nc3 Nc6 3. g3 g6 4. Bg2 Bg7 5. e3 Nf6 6. Nge2 d6 7. 0-0 0-0 8. d3 Bd7 9. Rb1 Qc8 10. Re1 Rb8 11. a3 Bh3 12. Bh1 Re8 13. b4 Nd7 14. b5 Nd8 15. Bb2 Nf6 1/2-1/2

[Event "Foment Martinenc op-C 21st"]
[Site "Barcelona"]
[Date "2019.05.11"]
[Round "3"]
[White "Pons Garcia, Jordi"]
[Black "Garcia Pitarch, Raul"]
[Result "1-0"]
[WhiteElo "1717"]
[BlackElo "1621"]
[PlyCount "49"]
[EventDate "2019.04.27"]
[EventType "swiss"]
[EventRounds "9"]
[EventCountry "ESP"]
[SourceTitle "EXT 2020"]
[Source "ChessBase"]
[SourceDate "2019.10.17"]
[SourceVersion "1"]
[SourceVersionDate "2019.10.17"]
[SourceQuality "1"]

1. d4 d5 2. c4 c6 3. Nf3 Nf6 4. Nc3 Bf5 5. cxd5 cxd5 6. Qb3 Qb6 7. Nxd5 Qxb3 8. Nxf6+ exf6 9. axb3 Bc2 10. Nd2 Bb4 11. e3 Nc6 12. Bc4 0-0 13. 0-0 a6 14. Bd5 Rfd8 15. Be4 Bxe4 16. Nxe4 Na5 17. Ra4 Nc6 18. Bd2 Bxd2 19. Nxd2 b5 20. Raa1 Rdb8 21. Ne4 Kf8 22. Nc5 Rb7 23. Nxb7 Ke7 24. Nc5 a5 25. Rfc1 1-0

[Event "Foment Martinenc op-C 20th"]
[Site "Barcelona"]
[Date "2018.06.16"]
[Round "9"]
[White "Pons Garcia, Jordi"]
[Black "Alegre Monmany, Eric"]
[Result "1/2-1/2"]
[WhiteElo "1772"]
[BlackElo "1734"]
[PlyCount "51"]
[EventDate "2018.04.21"]
[EventType "swiss"]
[EventRounds "9"]
[EventCountry "ESP"]
[SourceTitle "CBM 184 Extra"]
[Source "ChessBase"]
[SourceDate "2018.06.28"]
[SourceVersion "1"]
[SourceVersionDate "2018.06.28"]
[SourceQuality "1"]

1. d4 e6 2. Nf3 Nf6 3. c4 Bb4+ 4. Bd2 Qe7 5. a3 Bxd2+ 6. Qxd2 Ne4 7. Qc2 f5 8. Nc3 Nxc3 9. Qxc3 a5 10. e3 b6 11. Be2 Bb7 12. 0-0 d6 13. Rad1 Nd7 14. Ne1 0-0 15. Bf3 Bxf3 16. Nxf3 Nf6 17. Nd2 Ne4 18. Nxe4 fxe4 19. Qc2 Qh4 20. Qe2 Rf6 21. f3 exf3 22. Rxf3 Rxf3 23. Qxf3 Rf8 24. Qe2 Qe4 25. Rf1 Rxf1+ 26. Kxf1 1/2-1/2

[Event "Foment Martinenc op-C 20th"]
[Site "Barcelona"]
[Date "2018.05.12"]
[Round "4"]
[White "Pons Garcia, Jordi"]
[Black "Valeriano Guell, Joan"]
[Result "0-1"]
[WhiteElo "1772"]
[BlackElo "1678"]
[PlyCount "42"]
[EventDate "2018.04.21"]
[EventType "swiss"]
[EventRounds "9"]
[EventCountry "ESP"]
[SourceTitle "CBM 184 Extra"]
[Source "ChessBase"]
[SourceDate "2018.06.28"]
[SourceVersion "1"]
[SourceVersionDate "2018.06.28"]
[SourceQuality "1"]

1. d4 f5 2. Nf3 Nf6 3. c4 e6 4. g3 c6 5. Bg2 d5 6. b3 b6 7. 0-0 Bd6 8. a4 a5 9. Ne5 Bb7 10. Nd2 Nbd7 11. Ndf3 Bxe5 12. Nxe5 Nxe5 13. dxe5 Nd7 14. cxd5 cxd5 15. Bb2 0-0 16. Ba3 Rf7 17. f4 Ba6 18. Bf3 b5 19. Bxd5 Qb6+ 20. Kh1 exd5 21. Qxd5 Bb7 0-1

[Event "Foment Martinenc op-C 19st"]
[Site "Barcelona"]
[Date "2017.05.06"]
[Round "3.19"]
[White "Pons Garcia, Jordi"]
[Black "Latorre Soto, Joan"]
[Result "1/2-1/2"]
[WhiteElo "1806"]
[BlackElo "1675"]
[PlyCount "38"]
[EventDate "2017.04.22"]
[EventType "swiss"]
[EventRounds "9"]
[EventCountry "ESP"]
[SourceTitle "EXT 2024"]
[Source "ChessBase"]
[SourceDate "2023.10.10"]
[SourceVersion "1"]
[SourceVersionDate "2023.10.10"]
[SourceQuality "1"]

1. d4 f5 2. Nf3 Nf6 3. e3 e6 4. g3 d5 5. Bg2 Bd6 6. b3 Qe7 7. 0-0 0-0 8. a4 Bd7 9. Ne5 Be8 10. Ba3 Bxa3 11. Nxa3 c6 12. f3 Nbd7 13. Nxd7 Qxd7 14. c4 a6 15. a5 Qf7 16. c5 Qh5 17. Nc2 Nd7 18. f4 Qh6 19. Ne1 Nf6 1/2-1/2

[Event "Foment Martinenc op-C 18th"]
[Site "Barcelona"]
[Date "2016.06.04"]
[Round "7"]
[White "Capella Baladas, Jaume Francesc"]
[Black "Pons Garcia, Jordi"]
[Result "1/2-1/2"]
[WhiteElo "1800"]
[BlackElo "1804"]
[PlyCount "80"]
[EventDate "2016.04.23"]
[EventType "swiss"]
[EventRounds "9"]
[EventCountry "ESP"]
[SourceTitle "EXT 2017"]
[Source "ChessBase"]
[SourceDate "2016.10.25"]
[SourceVersion "1"]
[SourceVersionDate "2016.10.25"]
[SourceQuality "1"]

1. d4 d5 2. Nf3 Nf6 3. c4 e6 4. Nc3 Nbd7 5. cxd5 Nxd5 6. e4 Nxc3 7. bxc3 c5 8. Bd3 cxd4 9. cxd4 Bb4+ 10. Nd2 Bc3 11. Rb1 Bxd4 12. 0-0 0-0 13. Ba3 Bc5 14. Bb2 f6 15. Nf3 Bb6 16. Nd4 Ne5 17. Be2 Bd7 18. Qb3 Re8 19. Rfd1 Bxd4 20. Bxd4 Nc6 21. Be3 Qc7 22. Qxb7 Qxb7 23. Rxb7 Bc8 24. Rc7 Ne5 25. Rxa7 Rxa7 26. Bxa7 Bb7 27. f3 Ra8 28. Bc5 Rxa2 29. Rd8+ Kf7 30. Rf8+ Kg6 31. Bb5 Bc6 32. Bxc6 Nxc6 33. h3 Ne5 34. Bd4 Rd2 35. Bxe5 fxe5 36. Kh2 h5 37. h4 Rc2 38. Kh3 Re2 39. Kg3 Rd2 40. Kh3 Re2 1/2-1/2

[Event "Foment Martinenc op-C 17th"]
[Site "Barcelona"]
[Date "2015.05.02"]
[Round "2"]
[White "Climent Vidal, Pere"]
[Black "Pons Garcia, Jordi"]
[Result "1/2-1/2"]
[WhiteElo "1818"]
[BlackElo "1749"]
[PlyCount "40"]
[EventDate "2015.04.25"]
[EventType "swiss"]
[EventRounds "9"]
[EventCountry "ESP"]
[SourceTitle "EXT 2017"]
[Source "ChessBase"]
[SourceDate "2016.10.25"]
[SourceVersion "1"]
[SourceVersionDate "2016.10.25"]
[SourceQuality "1"]

1. d4 d5 2. c4 e5 3. dxe5 d4 4. e3 Nc6 5. Nf3 Bb4+ 6. Bd2 dxe3 7. fxe3 Bg4 8. Be2 Bxf3 9. Bxf3 Qh4+ 10. g3 Qxc4 11. Bxc6+ Qxc6 12. Kf2 0-0-0 13. Qg4+ Kb8 14. Rd1 Bxd2 15. Nxd2 g6 16. Qh4 Rd7 17. Rac1 Qe6 18. Nf3 Rxd1 19. Rxd1 Ne7 20. Qd4 Nc6 1/2-1/2

[Event "Foment Martinenc op-C 16th"]
[Site "Barcelona"]
[Date "2014.05.31"]
[Round "6"]
[White "Pons Garcia, Jordi"]
[Black "Bernat Pascual, Magi"]
[Result "1/2-1/2"]
[WhiteElo "1721"]
[BlackElo "1772"]
[PlyCount "45"]
[EventDate "2014.04.26"]
[EventType "swiss"]
[EventRounds "9"]
[EventCountry "ESP"]
[SourceTitle "EXT 2015"]
[Source "ChessBase"]
[SourceDate "2014.11.20"]
[SourceVersion "1"]
[SourceVersionDate "2014.11.20"]
[SourceQuality "1"]

1. d4 d5 2. c4 c6 3. Nc3 Nf6 4. Bg5 Nbd7 5. e3 e6 6. Nf3 Qa5 7. Nd2 Bb4 8. Qc2 0-0 9. Be2 dxc4 10. Bxf6 Nxf6 11. Bxc4 c5 12. Nb3 Qc7 13. 0-0-0 a6 14. dxc5 b5 15. Bd3 Bb7 16. Ne4 Bxe4 17. Bxe4 Nxe4 18. Qxe4 Bxc5 19. Kb1 Be7 20. Rc1 Qb6 21. Rhd1 Rfd8 22. Rxd8+ Rxd8 23. Qc2 1/2-1/2

[Event "Foment Martinenc op-C 16th"]
[Site "Barcelona"]
[Date "2014.05.17"]
[Round "4"]
[White "Pons Garcia, Jordi"]
[Black "Izquierdo Pujol, Pol"]
[Result "1-0"]
[WhiteElo "1721"]
[BlackElo "1712"]
[PlyCount "85"]
[EventDate "2014.04.26"]
[EventType "swiss"]
[EventRounds "9"]
[EventCountry "ESP"]
[SourceTitle "EXT 2015"]
[Source "ChessBase"]
[SourceDate "2014.11.20"]
[SourceVersion "1"]
[SourceVersionDate "2014.11.20"]
[SourceQuality "1"]

1. d4 d5 2. c4 e5 3. dxe5 d4 4. Nf3 Nc6 5. g3 Bc5 6. Bg2 Nge7 7. 0-0 0-0 8. Bg5 h6 9. Bxe7 Qxe7 10. Nbd2 Be6 11. Rc1 Rad8 12. a3 a5 13. Nb3 Rfe8 14. Nfd2 Bb6 15. Bxc6 bxc6 16. c5 a4 17. cxb6 axb3 18. bxc7 Qxc7 19. f4 Rb8 20. Rf3 Qb6 21. Nc4 Bxc4 22. Rxc4 Rbd8 23. Qxb3 Qxb3 24. Rxb3 Re6 25. Rd3 Rb8 26. b4 g5 27. Rcxd4 Kg7 28. Rd6 Kg6 29. Rxe6+ fxe6 30. Rd6 Rc8 31. Rxe6+ Kf5 32. Rxh6 gxf4 33. gxf4 Kxf4 34. e6 Kg5 35. Rh3 Re8 36. Re3 Kf4 37. Kf2 Re7 38. a4 Kf5 39. a5 Kf6 40. a6 Re8 41. a7 Ke7 42. Rf3 Kxe6 43. Re3+ 1-0

[Event "Foment Martinenc op-B 15th"]
[Site "Barcelona"]
[Date "2013.06.01"]
[Round "7"]
[White "Pons Garcia, Jordi"]
[Black "Nunez Romeo, Fausto"]
[Result "1/2-1/2"]
[WhiteElo "1700"]
[BlackElo "1780"]
[PlyCount "85"]
[EventDate "2013.04.20"]
[EventType "swiss"]
[EventRounds "9"]
[EventCountry "ESP"]
[SourceTitle "CBM 154 Extra"]
[Source "ChessBase"]
[SourceDate "2013.06.25"]
[SourceVersion "2"]
[SourceVersionDate "2013.06.25"]
[SourceQuality "1"]

1. d4 Nf6 2. c4 e6 3. Nc3 Be7 4. Nf3 b6 5. g3 Bb7 6. Bg2 d5 7. 0-0 dxc4 8. Ne5 Bxg2 9. Kxg2 b5 10. b3 b4 11. Na4 c3 12. Qd3 0-0 13. a3 a5 14. e3 Qd5+ 15. Kg1 Qxb3 16. Nc5 Bxc5 17. dxc5 Qd5 18. Qxd5 Nxd5 19. e4 f6 20. Nd3 b3 21. exd5 exd5 22. Re1 Nc6 23. Be3 Rab8 24. Rab1 d4 25. Bf4 Rb7 26. Re6 g5 27. Bxg5 fxg5 28. Rxc6 Re8 29. Kf1 Reb8 30. Re6 c2 31. Rb2 Kf7 32. Re4 Rd8 33. a4 Rb4 34. Re1 Rb7 35. Ra1 Kf6 36. g4 Ke6 37. Ke2 Kd5 38. Kd2 Re8 39. Rc1 Reb8 40. Re1 h6 41. Re7 c6 42. Re5+ Kc4 43. Re6 1/2-1/2

[Event "Foment Martinenc op-B 15th"]
[Site "Barcelona"]
[Date "2013.05.04"]
[Round "3"]
[White "Roig Martinez, Salvador"]
[Black "Pons Garcia, Jordi"]
[Result "1/2-1/2"]
[WhiteElo "1574"]
[BlackElo "1700"]
[PlyCount "55"]
[EventDate "2013.04.20"]
[EventType "swiss"]
[EventRounds "9"]
[EventCountry "ESP"]
[SourceTitle "CBM 154 Extra"]
[Source "ChessBase"]
[SourceDate "2013.06.25"]
[SourceVersion "2"]
[SourceVersionDate "2013.06.25"]
[SourceQuality "1"]

1. e4 g6 2. d4 Bg7 3. c4 d6 4. Nc3 Nf6 5. Nge2 0-0 6. Ng3 a6 7. Be2 Nbd7 8. 0-0 c6 9. Be3 e5 10. dxe5 Nxe5 11. h3 Qc7 12. f4 Ned7 13. Qd2 Ne8 14. Rad1 Bxc3 15. Qxc3 Ndf6 16. f5 Qe7 17. fxg6 fxg6 18. Bh6 Rf7 19. Bd3 Bd7 20. Rf2 Ng7 21. Rdf1 Raf8 22. Bg5 Nge8 23. Bh6 Ng7 24. b4 Qe5 25. Qxe5 dxe5 26. Bc2 Be6 27. Bb3 Nd7 28. Rd2 1/2-1/2

[Event "Foment Martinenc op-B 15th"]
[Site "Barcelona"]
[Date "2013.04.27"]
[Round "2"]
[White "Pons Garcia, Jordi"]
[Black "Garcia, Anderson"]
[Result "1-0"]
[WhiteElo "1700"]
[BlackElo "1719"]
[PlyCount "59"]
[EventDate "2013.04.20"]
[EventType "swiss"]
[EventRounds "9"]
[EventCountry "ESP"]
[SourceTitle "CBM 154 Extra"]
[Source "ChessBase"]
[SourceDate "2013.06.25"]
[SourceVersion "2"]
[SourceVersionDate "2013.06.25"]
[SourceQuality "1"]

1. d4 e6 2. c4 d5 3. Nc3 Ne7 4. Nf3 Bd7 5. e3 Nbc6 6. Be2 g6 7. 0-0 Bg7 8. a3 h5 9. b4 f5 10. cxd5 Nxd5 11. Nxd5 exd5 12. Bb2 g5 13. Ne5 Nxe5 14. dxe5 h4 15. Rb1 Qe7 16. f4 g4 17. Qc2 h3 18. g3 Bc6 19. Qxf5 a5 20. b5 Bd7 21. Qc2 c6 22. a4 Bf8 23. Qg6+ Kd8 24. e6 Rh6 25. Qc2 Bxe6 26. bxc6 bxc6 27. Qxc6 Rb8 28. Bc3 Rxb1 29. Bxa5+ Qc7 30. Qxc7+ 1-0